00430nam a2200157Ia 4500008004100000020001500041082001700056100002400073245002000097250000700117260004300124300002700167500000700194600002100201650005000222240925s9999 xx 000 0 und d a8176356166 a005.2762 BAM aBambara, Joseph J. 0aJ2 EE Unleashed aNA aIndia:bTechmedia publicationsc,2001. axv,450p.bNAfOriginal aNA aComputer Science aComputer science, information & general works